Country Flag-Shapes of Africa - Statistics

General Stats
  • This quiz has been taken 48 times
  • The average score is 49 of 54
Answer Stats
Picture Answer % Correct
Egypt
100%
Namibia
100%
Somalia
100%
South Africa
100%
Tunisia
100%
Uganda
100%
Angola
97%
Botswana
97%
Cape Verde
97%
Chad
97%
Eswatini
97%
Gambia
97%
Kenya
97%
Liberia
97%
Morocco
97%
Algeria
94%
Comoros
94%
Ivory Coast
94%
Libya
94%
Madagascar
94%
Malawi
94%
Niger
94%
Nigeria
94%
Seychelles
94%
Sudan
94%
Zambia
94%
Eritrea
91%
Ethiopia
91%
Lesotho
91%
Mozambique
91%
Senegal
91%
Benin
88%
Burkina Faso
88%
Burundi
88%
Cameroon
88%
Central African Republic
88%
Djibouti
88%
D.R. Congo
88%
Ghana
88%
Mali
88%
Rep. of the Congo
88%
Rwanda
88%
Sao Tomé & Príncipe
88%
South Sudan
88%
Tanzania
88%
Togo
88%
Equatorial Guinea
84%
Guinea
84%
Mauritania
84%
Sierra Leone
84%
Zimbabwe
84%
Mauritius
81%
Gabon
78%
Guinea-Bissau
78%
No matching quizzes found
Score Distribution
Percent of People with Each Score
Percentile by Number Answered
Your Score History
You have not taken this quiz